000 00647nam a2200193 i 4500
001 71596
003 ES-MaACL
005 20250214190536.0
007 t|
008 040813s1915 sp ||||1| spa d
100 1 _aGeorge, David Lloyd.
_956379
245 1 3 _aLa guerra europea /
_cdiscurso pronunciado por... David Lloyd George (ministro de Hacienda británico) en el Queen's Hall de Londres el 19 de Septiembre de 1914.
260 _aLondres :
_bHarrison and Sons,
_c1915.
300 _a11 p. ;
_c24 cm.
650 0 4 _aGuerra mundial, 1914-1918.
_913212
852 _aES-MaACL
_jT-1473-F-3
942 _2udc
999 _c71596
_d71596